000 01270nam a2200349 i 4500
001 bg
003 BPK
005 20200715144436.0
008 070509s2006 pl a f f |001 0 pol
020 _a8301139471
020 _a8301139544
040 _cBPK
041 0 _apol
080 _a612.3
080 _a641.1
080 _a(07)
245 0 0 _aŻywienie człowieka.
_nT. 1,
_pPodstawy nauki o żywieniu /
_cpod red. Jana Gawęckiego i Lecha Hryniewieckiego ; aut. Stanisław Berger [et al.].
246 3 0 _aPodstawy nauki o żywieniu
250 _aWyd. 2 popr. (dodr.).
260 _aWarszawa :
_bWydawnictwo Naukowe PWN,
_c2006.
300 _a512, [1] s. :
_brys., wykr. ;
_c25 cm.
504 _aBibliogr. przy rozdz. - Indeks.
650 4 _aOdżywianie
655 4 _aPodręcznik
710 2 _aWydawnictwo Naukowe PWN
_4pbl.
700 1 _aGawęcki, Jan
_d(1944- )
_eRedakcja
700 1 _aBerger, Stanisław
_d(1923- )
_eAutor
700 1 _aHryniewiecki, Lech
_d(1929- )
_eRedakcja
856 _uhttp://koha.tu.koszalin.pl/cgi-bin/koha/opac-detail.pl?biblionumber=53475
_yKatalog online BPK
942 _cKS
_2UKD
999 _c53475
_d53475